| 000 | 01020nas a2200313 4500 | ||
|---|---|---|---|
| 001 | BR2016001958 | ||
| 003 | BR-BrBNA | ||
| 005 | 20231205130343.0 | ||
| 007 | ta | ||
| 008 | 230509b bl.|||p| |||| 00| 00por d | ||
| 040 |
_aBR-BrBNA _bpor _cBiblioteca Nacional de Agricultura |
||
| 041 | _a(En) | ||
| 072 | _aL72 | ||
| 100 | 1 | _aPinheiro, M. da C. | |
| 100 | 1 | _aLourenço, E.C. | |
| 100 | 1 | _aSá-Hungaro, I.J.B. de | |
| 100 | 1 | _aFamadas, K.M. | |
| 245 | 1 | _aAmblyomma nodosum (Neumann, 1899): observations on life cycle under laboratory conditions | |
| 650 | _aCARRAPATO | ||
| 650 | _aHOSPEDEIRO | ||
| 650 | _aPARASITO DE ANIMAL | ||
| 650 | _aTAMANDUA | ||
| 650 | _aCOELHO | ||
| 650 | _aANALISE COMPARATIVA | ||
| 773 | 0 |
_tBrazilian Journal of Veterinary Parasitology (Brazil) _xISSN 1984-2961 _g(Jul-Sep 2015), v. 24(3) p. 357-360 _wBR2016001958 |
|
| 856 | 4 | 0 | _uhttp://www.scielo.br/pdf/rbpv/v24n3/1984-2961-rbpv-S1984-29612015020.pdf |
| 909 |
_a202311 _bLúcia _c55 _dLúcia Elande |
||
| 942 |
_2AGRIS _n0 _cANA |
||
| 999 |
_c249001 _d249001 |
||